000 00778nam a2200205 a 4500
001 000023159
005 20200930022027.0
008 101129s1968 pr r 000 p spa d
040 _aDO-SdBNP
_bspa
_cBNPHU
082 _aPR861.42
_bR696ó
100 1 _aRodríguez de Tió, Lola,
_d1843-1924.
_920201
245 1 0 _aObras completas /
_cLola Rodríguez de Tió.
260 _aSan Juan, Puerto Rico :
_bInstituto de Cultura Puertorriqueña,
_c1968.
300 _av.1 ; :
_b22 cm.
504 _aIncluye referencias bibliográficas y notas al pie de las páginas.
505 0 _aMis cantares -- Claros y nieblas -- Mi libro de Cuba -- 10 de Octubre.
650 4 _aPoesía puertorriqueña
_xColecciones
_98932
650 4 _aLiteratura puertorriqueña
_ySIGLO XX
_95311
049 _aBNGR
999 _c22656
_d22656